| 000 | 00970cam a2200229 i 4500 | ||
|---|---|---|---|
| 005 | 20260203095230.0 | ||
| 008 | 250721s2006 jo gr 000 0 ara d | ||
| 020 | _a9957321080 | ||
| 082 | 1 | 4 |
_a371.14 _bت ر ت |
| 100 | 1 |
_aالترتوري، محمد عوض _eمعد. محمد عوض الترتوري. |
|
| 245 | 1 | 2 |
_aالمعلم الجديد : _bدليل المعلم في الإدارة الصفية الفعالة / _cإعداد د.محمد عوض الترتوري، د. محمد فرحان القضاة. |
| 250 | _aالطبعة الأولى. | ||
| 264 | 3 | 1 |
_aعمان : _bدارالحامد للنشر و التوزيع، _c2006. |
| 300 | _a455 صفحة. | ||
| 650 | 1 | 7 | _aالإدارة المدرسية. |
| 650 | 1 | 7 | _aالإدارة التربوية. |
| 650 | 1 | 7 | _aأساليب التدريس. |
| 650 | 1 | 7 | _aالمعلمون. |
| 700 | 1 |
_aالقضاة، محمد فرحان _eمعد. |
|
| 942 |
_2ddc _cBK |
||
| 999 |
_c98740 _d98740 |
||